La búsqueda del lenguaje. Experiencias de transmisión
Bewaard in:
| Hoofdauteur: | |
|---|---|
| Formaat: | Boek |
| Taal: | Spaans |
| Gepubliceerd in: |
Buenos Aires, Argentina.
Paidós,
2011
|
| Reeks: | Voces de la Educación
|
| Onderwerpen: | |
| Tags: |
Voeg label toe
Geen labels, Wees de eerste die dit record labelt!
|
MARC
| LEADER | 00000cam a2200000 a 4500 | ||
|---|---|---|---|
| 001 | UCC9800 | ||
| 003 | CL-VaPUC | ||
| 005 | 20220223102244.0 | ||
| 008 | 191111e20110000ag spa d | ||
| 999 | |c 8762 |d 8762 | ||
| 020 | |a 9789501215304 | ||
| 040 | |c Pontificia Universidad Católica de Valparaíso | ||
| 082 | 0 | 4 | |a 401.9 PRA 2011 |2 21 |
| 100 | |a Pradelli, Angela |e autora |9 605124 | ||
| 245 | 1 | 3 | |a La búsqueda del lenguaje. |b Experiencias de transmisión |
| 260 | |a Buenos Aires, Argentina. |b Paidós, |c 2011 | ||
| 300 | |a 176 páginas | ||
| 490 | 0 | |a Voces de la Educación | |
| 583 | |a last modification |c 20191111 01:17:00 |k cmena | ||
| 650 | 0 | 7 | |a Actos de habla |2 CL-VaPUC |9 454718 |
| 650 | 0 | 0 | |a Psicolingüística |9 283371 |
| 650 | 0 | 7 | |a Lenguaje natural |2 CL-VaPUC |9 421363 |
| 852 | |a BIBCUR | ||
| 942 | |c BK |2 ddc | ||
| 945 | |a dcastane |d 20191111 01:17:00 | ||
| 952 | |0 0 |1 0 |3 erb |4 0 |6 401_900000000000000_PRA_2011 |7 0 |8 A |9 495397 |a BIBEDU |b BIBEDU |d 2019-10-17 |e 1 |g 49999.00 |i 5565014 |l 1 |o 401.9 PRA 2011 |p 5565014 |r 2023-12-01 |s 2023-11-24 |v 49999.00 |w 2020-01-06 |y BK |z Catalogado en:20191111 |k LIT | ||